Fooballl - Division 1 : Top 5 des années 90 - Statistiques

Statistiques générales
  • Ce quiz a été pris 300 fois
  • Le résultat moyen est 39 sur 50
Statistiques - réponses
rang 1990 % Correct
1 Marseille
97%
1 Marseille
97%
1 Marseille
97%
1 Marseille
97%
2 Marseille
97%
4 Marseille
97%
2 Marseille
97%
5 Lyon
94%
2 Lyon
94%
3 Lyon
94%
2 Bordeaux
92%
4 Bordeaux
92%
4 Bordeaux
92%
4 Bordeaux
92%
5 Bordeaux
92%
1 Bordeaux
92%
5 Nantes
88%
5 Nantes
88%
1 Nantes
88%
3 Nantes
88%
3 Monaco
86%
2 Monaco
86%
2 Monaco
86%
3 Monaco
86%
3 Monaco
86%
1 Monaco
86%
3 Monaco
86%
4 Monaco
86%
5 Lens
85%
5 Lens
85%
1 Lens
85%
3 Auxerre
78%
4 Auxerre
78%
3 Auxerre
78%
4 Auxerre
78%
1 Auxerre
78%
5 Rennes
76%
4 Metz
69%
5 Metz
69%
2 Metz
69%
5 Paris SG
49%
3 Paris SG
49%
2 Paris SG
49%
1 Paris SG
49%
3 Paris SG
49%
2 Paris SG
49%
2 Paris SG
49%
4 Sochaux
49%
5 Caen
36%
4 Cannes
30%
Aucun quiz correspondant
Distribution des résultats
% des personnes avec chaque résultat
Percentile par nombre de réponses
Votre historique - résultats
Vous n’avez pas pris ce quiz